[Event "ODJM A 2024"]
[Site "Willingen GER"]
[Date "2024.05.21"]
[Round "4"]
[White "Wübker, Paul-Luca"]
[Black "Kruse, Victor"]
[Result "0-1"]
[Termination "normal"]
[Board "1"]
[WhiteElo "2267"]
[BlackElo "2030"]
[WhiteClock "00:04:19"]
[BlackClock "00:04:54"]
[PlyCount "104"]
[WhiteFideId "12939528"]
[BlackFideId "16256964"]
[EventCountry "GER"]
[EventRounds "9"]
[EventType "swiss"]
[EventDate "2024.05.18"]

1. d4 {[%clk 01:30:58]} {[%emt 00:00:01]} d5 {[%clk 01:30:43]} {[%emt
00:00:18]} 2. c4 {[%clk 01:31:22]} {[%emt 00:00:07]} c6 {[%clk 01:30:56]}
{[%emt 00:00:17]} 3. cxd5 {[%clk 01:31:46]} {[%emt 00:00:06]} cxd5 {[%clk
01:31:18]} {[%emt 00:00:08]} 4. Bg5 {[%clk 01:32:11]} {[%emt 00:00:05]} f6
{[%clk 01:29:56]} {[%emt 00:01:52]} 5. Bd2 {[%clk 01:32:23]} {[%emt 00:00:17]}
Nc6 {[%clk 01:17:26]} {[%emt 00:13:00]} 6. Nc3 {[%clk 01:32:44]} {[%emt
00:00:10]} e5 {[%clk 01:12:59]} {[%emt 00:04:57]} 7. e4 {[%clk 01:33:05]}
{[%emt 00:00:08]} dxe4 {[%clk 01:11:06]} {[%emt 00:02:24]} 8. dxe5 {[%clk
01:31:11]} {[%emt 00:02:24]} fxe5 {[%clk 01:08:58]} {[%emt 00:02:38]} 9. Bc4
{[%clk 01:30:58]} {[%emt 00:00:42]} Nf6 {[%clk 01:08:42]} {[%emt 00:00:46]} 10.
Nge2 {[%clk 01:24:40]} {[%emt 00:06:48]} Na5 {[%clk 01:05:34]} {[%emt
00:03:39]} 11. Bb5+ {[%clk 01:24:29]} {[%emt 00:00:41]} Bd7 {[%clk 01:05:31]}
12. Qa4 {[%clk 01:23:22]} {[%emt 00:02:11]} Nc6 {[%clk 01:00:45]} 13. Nxe4
{[%clk 01:02:23]} {[%emt 00:26:45]} a6 {[%clk 00:58:16]} 14. Nxf6+ {[%clk
01:01:32]} {[%emt 00:04:20]} gxf6 {[%clk 00:57:41]} 15. Bxc6 {[%clk 00:57:53]}
{[%emt 00:05:14]} Bxc6 {[%clk 00:57:59]} {[%emt 00:00:11]} 16. Qh4 {[%clk
00:58:19]} {[%emt 00:00:03]} Qe7 {[%clk 00:51:59]} {[%emt 00:06:30]} 17. Bc3
{[%clk 00:51:24]} {[%emt 00:07:25]} O-O-O {[%clk 00:48:44]} {[%emt 00:03:46]}
18. f4 {[%clk 00:51:34]} {[%emt 00:00:20]} Rg8 {[%clk 00:45:43]} {[%emt
00:03:31]} 19. Rg1 {[%clk 00:48:42]} {[%emt 00:03:22]} Qe6 {[%clk 00:42:49]}
{[%emt 00:03:24]} 20. fxe5 {[%clk 00:47:22]} {[%emt 00:01:49]} fxe5 {[%clk
00:30:36]} {[%emt 00:12:43]} 21. Qxh7 {[%clk 00:32:38]} {[%emt 00:15:13]} Bc5
{[%clk 00:28:40]} {[%emt 00:02:26]} 22. Rf1 {[%clk 00:32:53]} {[%emt 00:00:15]}
Rxg2 {[%clk 00:26:06]} {[%emt 00:03:04]} 23. Rc1 {[%clk 00:22:04]} {[%emt
00:11:19]} Qg4 {[%clk 00:23:43]} {[%emt 00:02:53]} 24. Qf5+ {[%clk 00:17:43]}
{[%emt 00:04:51]} Bd7 {[%clk 00:18:05]} 25. Qxg4 {[%clk 00:18:07]} {[%emt
00:06:14]} Bxg4 {[%clk 00:18:06]} {[%emt 00:00:30]} 26. Rc2 {[%clk 00:17:22]}
{[%emt 00:01:15]} Rd3 {[%clk 00:11:49]} {[%emt 00:06:46]} 27. Ba5 {[%clk
00:07:15]} {[%emt 00:10:37]} b6 {[%clk 00:10:33]} {[%emt 00:01:47]} 28. Bxb6
{[%clk 00:06:48]} {[%emt 00:00:56]} Rxe2+ {[%clk 00:09:25]} {[%emt 00:01:38]}
29. Rxe2 {[%clk 00:07:09]} {[%emt 00:00:10]} Bxe2 {[%clk 00:08:20]} {[%emt
00:01:35]} 30. Kxe2 {[%clk 00:04:45]} {[%emt 00:02:53]} Re3+ {[%clk 00:08:42]}
{[%emt 00:00:07]} 31. Kd2 {[%clk 00:05:08]} {[%emt 00:00:07]} Bxb6 {[%clk
00:09:07]} {[%emt 00:00:05]} 32. Rf6 {[%clk 00:05:32]} {[%emt 00:00:06]} Bd4
{[%clk 00:09:20]} {[%emt 00:00:18]} 33. Rxa6 {[%clk 00:05:59]} {[%emt
00:00:04]} Rh3 {[%clk 00:09:41]} {[%emt 00:00:08]} 34. b4 {[%clk 00:06:25]}
{[%emt 00:00:04]} Bc3+ {[%clk 00:09:33]} {[%emt 00:00:37]} 35. Kc2 {[%clk
00:05:28]} {[%emt 00:01:28]} Bxb4 {[%clk 00:09:01]} {[%emt 00:01:02]} 36. a4
{[%clk 00:05:51]} {[%emt 00:00:07]} Rxh2+ {[%clk 00:08:02]} {[%emt 00:01:29]}
37. Kb3 {[%clk 00:06:11]} {[%emt 00:00:10]} Bd2 {[%clk 00:06:51]} {[%emt
00:01:40]} 38. Re6 {[%clk 00:06:01]} {[%emt 00:00:41]} Rh3+ {[%clk 00:05:11]}
{[%emt 00:02:10]} 39. Kc4 {[%clk 00:06:23]} {[%emt 00:00:08]} Bc3 {[%clk
00:04:20]} {[%emt 00:01:21]} 40. Kd5 {[%clk 00:05:12]} {[%emt 00:01:42]} Bd4
{[%clk 00:04:24]} {[%emt 00:00:25]} 41. a5 {[%clk 00:04:57]} {[%emt 00:00:45]}
Kb7 {[%clk 00:04:20]} {[%emt 00:00:32]} 42. Kc4 {[%clk 00:04:46]} {[%emt
00:00:42]} Ra3 {[%clk 00:03:12]} {[%emt 00:01:37]} 43. Kb5 {[%clk 00:04:51]}
{[%emt 00:00:26]} Kc7 {[%clk 00:03:18]} {[%emt 00:00:24]} 44. Re7+ {[%clk
00:04:07]} {[%emt 00:01:14]} Kd6 {[%clk 00:03:28]} {[%emt 00:00:20]} 45. Re8
{[%clk 00:04:30]} {[%emt 00:00:07]} Kd7 {[%clk 00:03:47]} 46. Rh8 {[%clk
00:04:30]} Ke6 {[%clk 00:03:47]} 47. Re8+ {[%clk 00:04:30]} Kd5 {[%clk
00:03:47]} 48. Rb8 {[%clk 00:04:30]} Rb3+ {[%clk 00:03:47]} 49. Ka6 {[%clk
00:04:30]} Rb2 {[%clk 00:03:47]} 50. Rb3 {[%clk 00:04:30]} Ra2 {[%clk
00:04:19]} {[%emt 00:03:55]} 51. Rb5+ {[%clk 00:04:33]} {[%emt 00:01:11]} Kc4
{[%clk 00:04:34]} {[%emt 00:00:13]} 52. Rb2 {[%clk 00:04:19]} {[%emt 00:00:45]}
Bxb2 {[%clk 00:04:54]} {[%emt 00:00:10]} 0-1

[Event "ODJM A 2024"]
[Site "Willingen GER"]
[Date "2024.05.21"]
[Round "4"]
[White "Kamp, Adrian"]
[Black "Kliashtornyi, Arkadii"]
[Result "1/2-1/2"]
[Termination "normal"]
[Board "2"]
[WhiteElo "2098"]
[BlackElo "1968"]
[WhiteClock "00:10:45"]
[BlackClock "00:17:00"]
[PlyCount "108"]
[WhiteFideId "16222466"]
[BlackFideId "34119698"]
[EventCountry "GER"]
[EventRounds "9"]
[EventType "swiss"]
[EventDate "2024.05.18"]

1. c4 {[%clk 01:30:43]} {[%emt 00:00:16]} e6 {[%clk 01:30:52]} {[%emt
00:00:09]} 2. Nf3 {[%clk 01:30:30]} {[%emt 00:00:42]} Nf6 {[%clk 01:30:26]}
{[%emt 00:00:56]} 3. g3 {[%clk 01:30:17]} {[%emt 00:00:43]} d5 {[%clk
01:30:49]} {[%emt 00:00:08]} 4. cxd5 {[%clk 01:30:10]} {[%emt 00:00:36]} exd5
{[%clk 01:30:58]} {[%emt 00:00:21]} 5. Bg2 {[%clk 01:29:53]} {[%emt 00:00:46]}
c6 {[%clk 01:28:28]} {[%emt 00:03:01]} 6. O-O {[%clk 01:29:14]} {[%emt
00:01:09]} Bd6 {[%clk 01:24:32]} {[%emt 00:04:26]} 7. d3 {[%clk 01:28:01]}
{[%emt 00:01:43]} O-O {[%clk 01:18:48]} {[%emt 00:06:14]} 8. b3 {[%clk
01:25:06]} {[%emt 00:03:24]} Nbd7 {[%clk 01:11:15]} {[%emt 00:08:04]} 9. Bb2
{[%clk 01:24:21]} {[%emt 00:01:15]} Re8 {[%clk 01:07:14]} {[%emt 00:04:31]} 10.
Nbd2 {[%clk 01:18:38]} {[%emt 00:06:12]} Ne5 {[%clk 01:04:20]} {[%emt
00:03:25]} 11. Re1 {[%clk 01:16:29]} {[%emt 00:02:38]} Qb6 {[%clk 00:56:46]}
{[%emt 00:08:05]} 12. Qc2 {[%clk 01:07:36]} {[%emt 00:09:23]} Bg4 {[%clk
00:47:17]} {[%emt 00:09:59]} 13. Bd4 {[%clk 01:04:05]} {[%emt 00:04:02]} Qc7
{[%clk 00:41:38]} {[%emt 00:06:09]} 14. Rac1 {[%clk 01:00:39]} {[%emt
00:03:55]} Bxf3 {[%clk 00:38:04]} {[%emt 00:04:04]} 15. Nxf3 {[%clk 01:00:19]}
{[%emt 00:00:49]} Nxf3+ {[%clk 00:38:03]} {[%emt 00:00:31]} 16. Bxf3 {[%clk
01:00:21]} {[%emt 00:00:28]} Be5 {[%clk 00:36:39]} {[%emt 00:01:54]} 17. Be3
{[%clk 00:57:58]} {[%emt 00:02:52]} h6 {[%clk 00:34:35]} {[%emt 00:02:35]} 18.
b4 {[%clk 00:56:10]} {[%emt 00:02:18]} Qe7 {[%clk 00:32:08]} {[%emt 00:02:57]}
19. Qb3 {[%clk 00:53:56]} {[%emt 00:02:44]} a6 {[%clk 00:31:17]} {[%emt
00:01:22]} 20. a4 {[%clk 00:51:51]} {[%emt 00:02:35]} Rec8 {[%clk 00:27:11]}
{[%emt 00:04:36]} 21. Rb1 {[%clk 00:48:31]} {[%emt 00:03:49]} b5 {[%clk
00:22:25]} {[%emt 00:05:17]} 22. Rec1 {[%clk 00:43:22]} {[%emt 00:05:38]} Qd7
{[%clk 00:17:45]} {[%emt 00:05:11]} 23. Bc5 {[%clk 00:34:03]} {[%emt 00:09:49]}
Qe6 {[%clk 00:14:06]} {[%emt 00:04:08]} 24. Rc2 {[%clk 00:25:33]} {[%emt
00:09:00]} Rc7 {[%clk 00:12:47]} {[%emt 00:01:50]} 25. Rbc1 {[%clk 00:24:53]}
{[%emt 00:01:10]} Rac8 {[%clk 00:12:37]} {[%emt 00:00:40]} 26. Qa2 {[%clk
00:23:32]} {[%emt 00:01:51]} g5 {[%clk 00:10:21]} {[%emt 00:02:46]} 27. axb5
{[%clk 00:21:54]} {[%emt 00:02:09]} axb5 {[%emt 00:02:53]} 28. Qa6 {[%clk
00:21:00]} {[%emt 00:01:23]} Nd7 {[%clk 00:05:49]} {[%emt 00:02:40]} 29. e3
{[%clk 00:16:37]} {[%emt 00:04:53]} Qf5 {[%clk 00:03:10]} {[%emt 00:03:08]} 30.
Be2 {[%clk 00:16:26]} {[%emt 00:00:41]} h5 {[%clk 00:02:43]} {[%emt 00:00:57]}
31. Bb6 {[%clk 00:15:38]} {[%emt 00:01:18]} Nxb6 {[%clk 00:03:00]} {[%emt
00:00:14]} 32. Qxb6 {[%clk 00:16:02]} {[%emt 00:00:06]} Qd7 {[%clk 00:01:58]}
{[%emt 00:01:31]} 33. Bxh5 {[%clk 00:10:33]} {[%emt 00:05:59]} g4 {[%clk
00:01:45]} {[%emt 00:00:44]} 34. f3 {[%clk 00:10:45]} {[%emt 00:00:17]} gxf3
{[%clk 00:02:03]} {[%emt 00:00:12]} 35. Bxf3 {[%clk 00:10:39]} {[%emt
00:00:35]} Qf5 {[%clk 00:01:48]} {[%emt 00:00:45]} 36. Be2 {[%clk 00:09:57]}
{[%emt 00:01:13]} Qg5 {[%clk 00:01:20]} {[%emt 00:00:58]} 37. Bf1 {[%clk
00:08:11]} {[%emt 00:02:16]} d4 {[%clk 00:01:06]} {[%emt 00:00:44]} 38. Re1
{[%clk 00:02:45]} {[%emt 00:05:55]} dxe3 {[%clk 00:00:46]} {[%emt 00:00:50]}
39. Kh1 {[%clk 00:02:09]} {[%emt 00:01:05]} Bd6 {[%clk 00:00:45]} {[%emt
00:00:31]} 40. Rxe3 {[%clk 00:01:57]} {[%emt 00:00:42]} Bxb4 {[%clk 00:00:49]}
{[%emt 00:00:27]} 41. Re4 {[%clk 00:00:36]} {[%emt 00:01:49]} Bd6 {[%clk
00:25:38]} {[%emt 00:05:40]} 42. Bh3 {[%clk 00:28:21]} {[%emt 00:02:46]} f5
{[%clk 00:22:56]} {[%emt 00:03:13]} 43. Re6 {[%clk 00:27:58]} {[%emt 00:00:53]}
Qh5 {[%clk 00:22:09]} {[%emt 00:01:18]} 44. Qf2 {[%clk 00:24:44]} {[%emt
00:03:43]} Bxg3 {[%clk 00:19:33]} {[%emt 00:03:07]} 45. Qxg3+ {[%clk 00:09:58]}
{[%emt 00:15:16]} Rg7 {[%clk 00:19:40]} {[%emt 00:00:23]} 46. Qe3 {[%clk
00:10:04]} {[%emt 00:00:24]} Qd1+ {[%clk 00:18:24]} {[%emt 00:01:45]} 47. Qe1
{[%clk 00:10:23]} {[%emt 00:00:10]} Qxc2 {[%clk 00:17:45]} {[%emt 00:01:10]}
48. Re8+ {[%clk 00:10:44]} {[%emt 00:00:09]} Rxe8 {[%clk 00:17:24]} {[%emt
00:00:52]} 49. Qxe8+ {[%clk 00:11:05]} {[%emt 00:00:08]} Kh7 {[%clk 00:17:51]}
{[%emt 00:00:03]} 50. Bxf5+ {[%clk 00:11:17]} {[%emt 00:00:18]} Kh6 {[%clk
00:17:50]} {[%emt 00:00:31]} 51. Qh8+ {[%clk 00:10:01]} {[%emt 00:01:45]} Kg5
{[%clk 00:16:18]} {[%emt 00:02:03]} 52. Qxg7+ {[%clk 00:10:22]} {[%emt
00:00:09]} Kxf5 {[%clk 00:16:44]} {[%emt 00:00:04]} 53. Qh7+ {[%clk 00:10:43]}
{[%emt 00:00:09]} Kf4 {[%clk 00:17:00]} {[%emt 00:00:14]} 54. Qe4+ {[%clk
00:10:45]} {[%emt 00:00:28]} Kg5 {[%clk 00:17:00]} {[%emt 00:00:30]} 1/2-1/2

[Event "ODJM A 2024"]
[Site "Willingen GER"]
[Date "2024.05.21"]
[Round "4"]
[White "Uhlmann, Tim"]
[Black "Langner, Jasper"]
[Result "1-0"]
[Termination "normal"]
[Board "3"]
[WhiteElo "1920"]
[BlackElo "1999"]
[WhiteClock "00:50:24"]
[BlackClock "00:29:17"]
[PlyCount "85"]
[WhiteFideId "16239210"]
[BlackFideId "16202554"]
[EventCountry "GER"]
[EventRounds "9"]
[EventType "swiss"]
[EventDate "2024.05.18"]

1. e4 {[%clk 01:30:55]} {[%emt 00:00:04]} e5 {[%clk 01:30:15]} {[%emt
00:00:44]} 2. Nf3 {[%clk 01:31:21]} {[%emt 00:00:06]} Nc6 {[%clk 01:30:36]}
{[%emt 00:00:08]} 3. Nc3 {[%clk 01:31:46]} {[%emt 00:00:06]} Nf6 {[%clk
01:30:53]} {[%emt 00:00:11]} 4. a3 {[%clk 01:32:11]} {[%emt 00:00:07]} Be7
{[%clk 01:24:31]} {[%emt 00:06:50]} 5. d4 {[%clk 01:31:51]} {[%emt 00:00:51]}
d6 {[%clk 01:23:20]} {[%emt 00:01:40]} 6. d5 {[%clk 01:32:14]} {[%emt
00:00:09]} Nb8 {[%clk 01:23:33]} {[%emt 00:00:16]} 7. h3 {[%clk 01:31:54]}
{[%emt 00:00:50]} O-O {[%clk 01:22:20]} {[%emt 00:01:42]} 8. g4 {[%clk
01:31:08]} {[%emt 00:01:18]} c6 {[%clk 01:18:45]} {[%emt 00:04:05]} 9. Bd3
{[%clk 01:30:31]} {[%emt 00:01:07]} Nbd7 {[%clk 01:14:06]} {[%emt 00:05:07]}
10. Be3 {[%clk 01:29:46]} {[%emt 00:01:17]} cxd5 {[%clk 01:02:29]} {[%emt
00:12:05]} 11. exd5 {[%clk 01:29:15]} {[%emt 00:01:03]} Nb6 {[%clk 01:01:58]}
{[%emt 00:01:00]} 12. Bxb6 {[%clk 01:20:24]} {[%emt 00:09:22]} Qxb6 {[%clk
01:01:51]} {[%emt 00:00:36]} 13. g5 {[%clk 01:19:46]} {[%emt 00:01:08]} Nd7
{[%clk 00:39:24]} {[%emt 00:22:56]} 14. Nh4 {[%clk 01:14:14]} {[%emt 00:06:04]}
Nc5 {[%clk 00:38:50]} {[%emt 00:01:04]} 15. Bxh7+ {[%clk 01:06:18]} {[%emt
00:08:26]} Kxh7 {[%clk 00:36:52]} {[%emt 00:02:27]} 16. Qh5+ {[%clk 01:06:40]}
{[%emt 00:00:08]} Kg8 {[%clk 00:37:20]} {[%emt 00:00:02]} 17. g6 {[%clk
01:06:50]} {[%emt 00:00:20]} fxg6 {[%clk 00:37:38]} {[%emt 00:00:13]} 18. Nxg6
{[%clk 01:07:13]} {[%emt 00:00:07]} Qd8 {[%clk 00:29:36]} {[%emt 00:08:31]} 19.
Rg1 {[%clk 00:51:43]} {[%emt 00:16:00]} Rf5 {[%clk 00:26:28]} {[%emt 00:03:38]}
20. Qh8+ {[%clk 00:51:35]} {[%emt 00:00:39]} Kf7 {[%clk 00:26:56]} 21. Qh7
{[%clk 00:45:54]} {[%emt 00:06:13]} Bf6 {[%clk 00:22:24]} {[%emt 00:05:01]} 22.
Nh8+ {[%clk 00:45:01]} {[%emt 00:01:23]} Ke8 {[%clk 00:17:26]} {[%emt
00:05:27]} 23. Qg6+ {[%clk 00:45:13]} {[%emt 00:00:19]} Kd7 {[%clk 00:17:22]}
{[%emt 00:00:35]} 24. Qxf5+ {[%clk 00:45:36]} {[%emt 00:00:08]} Kc7 {[%clk
00:17:51]} 25. Qh5 {[%clk 00:43:40]} {[%emt 00:02:26]} Bd7 {[%clk 00:17:51]}
{[%emt 00:00:30]} 26. Ng6 {[%clk 00:43:09]} {[%emt 00:01:01]} e4 {[%clk
00:14:25]} {[%emt 00:03:56]} 27. Nf4 {[%clk 00:41:39]} {[%emt 00:02:00]} Qe7
{[%clk 00:10:57]} {[%emt 00:03:58]} 28. Ne6+ {[%clk 00:30:20]} {[%emt
00:11:49]} Nxe6 {[%clk 00:10:39]} {[%emt 00:00:48]} 29. dxe6 {[%clk 00:30:23]}
{[%emt 00:00:27]} Bxe6 {[%clk 00:05:05]} {[%emt 00:06:04]} 30. Nb5+ {[%clk
00:26:05]} {[%emt 00:04:48]} Kb6 {[%clk 00:03:53]} {[%emt 00:01:41]} 31. O-O-O
{[%clk 00:25:55]} {[%emt 00:00:41]} d5 {[%clk 00:03:20]} {[%emt 00:01:02]} 32.
Nd4 {[%clk 00:25:50]} {[%emt 00:00:36]} Bf7 {[%clk 00:02:46]} {[%emt 00:01:03]}
33. Qe2 {[%clk 00:25:02]} {[%emt 00:01:18]} a6 {[%clk 00:01:25]} {[%emt
00:01:51]} 34. c3 {[%clk 00:24:35]} {[%emt 00:00:57]} Rh8 {[%clk 00:00:53]}
{[%emt 00:01:02]} 35. Qe3 {[%clk 00:23:39]} {[%emt 00:01:27]} Kc7 {[%clk
00:00:36]} {[%emt 00:00:47]} 36. Nf5 {[%clk 00:23:43]} {[%emt 00:00:25]} Qd7
{[%clk 00:00:33]} {[%emt 00:00:34]} 37. Qf4+ {[%clk 00:22:08]} {[%emt
00:02:04]} Kc6 {[%clk 00:00:32]} {[%emt 00:00:31]} 38. Nxg7 {[%clk 00:21:08]}
{[%emt 00:01:29]} Qd8 {[%clk 00:00:32]} {[%emt 00:00:30]} 39. c4 {[%clk
00:20:01]} {[%emt 00:01:38]} Rg8 {[%clk 00:00:39]} {[%emt 00:00:22]} 40. cxd5+
{[%clk 00:19:56]} {[%emt 00:00:36]} Bxd5 {[%clk 00:00:34]} {[%emt 00:00:34]}
41. Rxd5 {[%clk 00:19:48]} {[%emt 00:00:37]} Kxd5 {[%clk 00:28:48]} {[%emt
00:02:17]} 42. Rd1+ {[%clk 00:50:12]} {[%emt 00:00:07]} Bd4 {[%clk 00:29:17]}
{[%emt 00:00:01]} 43. Rxd4+ {[%clk 00:50:24]} {[%emt 00:00:18]} 1-0

[Event "ODJM A 2024"]
[Site "Willingen GER"]
[Date "2024.05.21"]
[Round "4"]
[White "Brockhoff, Moritz"]
[Black "Geist, Denis"]
[Result "1-0"]
[Termination "normal"]
[Board "4"]
[WhiteElo "2013"]
[BlackElo "1847"]
[WhiteClock "00:39:45"]
[BlackClock "00:03:10"]
[PlyCount "95"]
[WhiteFideId "16214927"]
[BlackFideId "34605100"]
[EventCountry "GER"]
[EventRounds "9"]
[EventType "swiss"]
[EventDate "2024.05.18"]

1. e4 {[%emt 00:00:19]} c5 {[%clk 01:30:21]} {[%emt 00:00:23]} 2. Nf3 {[%clk
01:31:22]} {[%emt 00:00:05]} d6 {[%clk 01:30:45]} {[%emt 00:00:06]} 3. d4
{[%clk 01:31:48]} {[%emt 00:00:03]} cxd4 {[%clk 01:31:11]} {[%emt 00:00:05]} 4.
Nxd4 {[%clk 01:32:15]} {[%emt 00:00:03]} Nf6 {[%clk 01:31:34]} {[%emt
00:00:06]} 5. Nc3 {[%clk 01:32:41]} {[%emt 00:00:04]} a6 {[%clk 01:32:00]}
{[%emt 00:00:05]} 6. Bg5 {[%clk 01:33:06]} {[%emt 00:00:04]} e6 {[%clk
01:30:35]} {[%emt 00:01:56]} 7. f4 {[%clk 01:32:58]} {[%emt 00:00:38]} Be7
{[%clk 01:30:33]} {[%emt 00:00:31]} 8. Qf3 {[%clk 01:33:08]} {[%emt 00:00:21]}
Qc7 {[%clk 01:30:00]} {[%emt 00:01:02]} 9. O-O-O {[%clk 01:33:01]} {[%emt
00:00:37]} Nbd7 {[%clk 01:25:01]} {[%emt 00:05:29]} 10. g4 {[%clk 01:31:40]}
{[%emt 00:01:51]} b5 {[%clk 01:24:27]} {[%emt 00:01:05]} 11. Bxf6 {[%clk
01:32:03]} {[%emt 00:00:07]} Bxf6 {[%clk 01:16:31]} {[%emt 00:08:25]} 12. Bxb5
{[%clk 01:32:26]} {[%emt 00:00:08]} Rb8 {[%clk 01:04:58]} {[%emt 00:12:03]} 13.
g5 {[%clk 01:24:04]} {[%emt 00:08:52]} Bxd4 {[%clk 01:01:56]} {[%emt 00:03:33]}
14. Bxd7+ {[%clk 01:24:28]} {[%emt 00:00:06]} Bxd7 {[%clk 01:02:20]} {[%emt
00:00:04]} 15. Rxd4 {[%clk 01:24:54]} {[%emt 00:00:05]} Qb6 {[%clk 01:02:13]}
{[%emt 00:00:38]} 16. Qd3 {[%clk 01:24:22]} {[%emt 00:01:01]} Qxb2+ {[%clk
00:53:31]} {[%emt 00:09:12]} 17. Kd2 {[%clk 01:24:47]} {[%emt 00:00:05]} Bb5
{[%clk 00:48:43]} {[%emt 00:05:18]} 18. Nxb5 {[%clk 01:22:33]} {[%emt
00:02:44]} axb5 {[%clk 00:47:06]} {[%emt 00:02:08]} 19. Rxd6 {[%clk 01:22:51]}
{[%emt 00:00:13]} O-O {[%clk 00:45:46]} {[%emt 00:01:49]} 20. Qb3 {[%clk
01:22:49]} {[%emt 00:00:32]} Qxb3 {[%clk 00:45:34]} {[%emt 00:00:43]} 21. axb3
{[%clk 01:22:58]} {[%emt 00:00:20]} Rfc8 {[%clk 00:42:41]} {[%emt 00:03:23]}
22. Rd7 {[%clk 01:16:01]} {[%emt 00:07:27]} Ra8 {[%clk 00:39:15]} {[%emt
00:03:56]} 23. Rb7 {[%clk 01:15:43]} {[%emt 00:00:48]} Rc5 {[%clk 00:36:13]}
{[%emt 00:03:30]} 24. Rc1 {[%clk 01:08:52]} {[%emt 00:07:21]} h6 {[%clk
00:29:44]} {[%emt 00:07:00]} 25. h4 {[%clk 01:01:33]} {[%emt 00:07:49]} Rd8+
{[%clk 00:24:33]} {[%emt 00:05:41]} 26. Ke3 {[%clk 00:58:55]} {[%emt 00:03:09]}
Rc3+ {[%clk 00:22:28]} {[%emt 00:02:34]} 27. Ke2 {[%clk 00:59:17]} {[%emt
00:00:08]} hxg5 {[%clk 00:06:43]} {[%emt 00:16:16]} 28. fxg5 {[%clk 00:45:13]}
{[%emt 00:14:33]} Rd4 {[%clk 00:05:10]} {[%emt 00:02:03]} 29. Rf1 {[%clk
00:44:36]} {[%emt 00:01:08]} Rxc2+ {[%clk 00:01:34]} {[%emt 00:04:06]} 30. Ke3
{[%clk 00:44:52]} {[%emt 00:00:14]} e5 {[%clk 00:01:33]} {[%emt 00:00:31]} 31.
Rfxf7 {[%clk 00:42:43]} {[%emt 00:02:38]} Rc3+ {[%clk 00:02:02]} {[%emt
00:00:01]} 32. Ke2 {[%clk 00:43:07]} {[%emt 00:00:06]} Rxe4+ {[%clk 00:01:15]}
{[%emt 00:01:17]} 33. Kd2 {[%clk 00:43:32]} {[%emt 00:00:05]} b4 {[%clk
00:00:52]} {[%emt 00:00:53]} 34. Rxg7+ {[%clk 00:41:53]} {[%emt 00:02:09]} Kf8
{[%clk 00:01:15]} {[%emt 00:00:07]} 35. Rgd7 {[%clk 00:35:14]} {[%emt
00:07:10]} Ke8 {[%clk 00:01:09]} {[%emt 00:00:36]} 36. Re7+ {[%clk 00:35:26]}
{[%emt 00:00:17]} Kf8 {[%clk 00:01:36]} {[%emt 00:00:03]} 37. Rxb4 {[%clk
00:35:30]} {[%emt 00:00:27]} Rxb4 {[%clk 00:00:49]} {[%emt 00:01:18]} 38. Kxc3
{[%clk 00:35:56]} {[%emt 00:00:04]} Rxh4 {[%clk 00:00:45]} {[%emt 00:00:34]}
39. Rxe5 {[%clk 00:36:21]} {[%emt 00:00:04]} Kf7 {[%clk 00:00:51]} {[%emt
00:00:24]} 40. b4 {[%clk 00:36:43]} {[%emt 00:00:09]} Kg6 {[%clk 00:01:00]}
{[%emt 00:00:20]} 41. b5 {[%clk 00:36:53]} {[%emt 00:00:19]} Rh1 {[%clk
00:01:22]} {[%emt 00:00:08]} 42. Kb4 {[%emt 00:00:16]} Rc1 {[%clk 00:01:36]}
{[%emt 00:00:10]} 43. b6 {[%clk 00:37:36]} {[%emt 00:00:06]} Rc2 {[%clk
00:01:46]} {[%emt 00:00:20]} 44. Kb5 {[%clk 00:38:00]} {[%emt 00:00:06]} Rc1
{[%clk 00:02:00]} {[%emt 00:00:16]} 45. b7 {[%clk 00:38:26]} {[%emt 00:00:04]}
Rb1+ {[%clk 00:02:26]} {[%emt 00:00:04]} 46. Kc6 {[%clk 00:38:53]} {[%emt
00:00:03]} Rc1+ {[%clk 00:02:48]} {[%emt 00:00:08]} 47. Kb6 {[%clk 00:39:19]}
{[%emt 00:00:04]} Rb1+ {[%clk 00:03:10]} {[%emt 00:00:09]} 48. Rb5 {[%clk
00:39:45]} {[%emt 00:00:03]} 1-0